| 000 | 00743nam a2200217Ia 4500 | ||
|---|---|---|---|
| 003 | OSt | ||
| 005 | 20250707142257.0 | ||
| 008 | 210210b1993 xxu||||| |||| 00| 0 eng d | ||
| 040 | _cAL | ||
| 041 | _aKannada | ||
| 082 | _aK894.9 BARS | ||
| 100 |
_aBARAGURU RAMACHANDRAPPA, Ed. _dಬರಗೂರು ರಾಮಚಂದ್ರಪ್ಪ _9217650 |
||
| 245 |
_aSahitya mattu patrikodyama _b ಸಾಹಿತ್ಯ ಮತ್ತು ಪತ್ರಿಕೋದ್ಯಮ |
||
| 260 |
_aBengaluru _bKarnataka Sahitya Akademi _c1993 |
||
| 300 | _axvi,80 | ||
| 650 |
_aShridhara Bi E Patrikodyama _9217651 |
||
| 690 |
_aKannada Criticism _9217652 |
||
| 700 |
_aShridhara B E _d ಶ್ರೀಧರ ಬಿ ಇ _9217653 |
||
| 906 | _a047996 | ||
| 942 |
_2ddc _cBK |
||
| 999 |
_c96966 _d96966 |
||